LEADER 01577nam a2200289 4500 001 000000366859 003 CaOOAMICUS 005 20260413112720.0 008 260316s2010 xxk 000 u eng r 020 $a978-0-8028-2459-2 040 $aSeMil$bita 100 1 $aBreukelman, Frans,$d<1916-1993>.$0(OLS)http://semarc/name/123931 240 13$aDe structuur van de heilige leer in de theologie van Calvijn.$0(OLS)http://semarc/title/459073 245 14$aThe structure of sacred doctrine in Calvin's theology /$cFrans H. Breukelman ; edited by Rinse H. Reeling Brouwer ; translated by Martin Kessler. 264 1$aGrand Rapids, Michigan ; Cambridge :$bW.B. Eerdmans,$c2010. 300 $aXIII, 248 p. ;$c24 cm 650 4$aCalvino, Giovanni - Pensiero teologico.$0(OLS)http://semarc/subject/30410 650 4$aCalvino, Giovanni . Institutio Christianae religionis.$0(OLS)http://semarc/subject/59939 700 1 $aReeling Brouwer, Rinse,$d<1953- >.$0(OLS)http://semarc/name/123932 700 1 $aKessler, Martin.$0(OLS)http://semarc/name/123933 850 $aSeMil 852 $aSeMil$W1$xVenegono$y1$m2M V 23$j270104$B257621$CSeMilBibl$Z2$F257621 $81 961 $aBrambilla don Paolo - Omaggio 996 $6020$a978-0-8028-2459-2$9(OLS)http://semarc/number/305515 996 $6245$aThe structure of sacred doctrine in Calvin's theology$9(OLS)http://semarc/title/458656 996 $6264$aGrand Rapids, Michigan ; Cambridge :$bW.B. Eerdmans$9(OLS)http://semarc/publisher/62945